Aspekty vznikania nových slov a významov vo francúzštine

Najproduktívnejšie spôsoby tvorenia slov vo francúzštine, hlavne odvodzovaním pomocou afixácie, skratkových slov, skratiek, akronym, metafor, metonymií, ktoré sa často premietajú do slovníka bežnej, ale aj odbornej lexiky. Najproduktívnejšie postupy slovotvorby a odborných lexém v súčasnom francúzsk...

ver descrição completa

Na minha lista:
Detalhes bibliográficos
Autor principal: Melušová, Elena, 1953-
Formato: Capítulo de Livro
Idioma:eslovaco
Assuntos:
Tags: Adicionar Tag
Sem tags, seja o primeiro a adicionar uma tag!

MARC

LEADER 00000naa a2200000 4500
001 0267605
005 20240502074211.2
041 0 |a slo 
044 |a SK 
245 1 0 |a Aspekty vznikania nových slov a významov vo francúzštine  |c Elena Melušová 
520 |a Najproduktívnejšie spôsoby tvorenia slov vo francúzštine, hlavne odvodzovaním pomocou afixácie, skratkových slov, skratiek, akronym, metafor, metonymií, ktoré sa často premietajú do slovníka bežnej, ale aj odbornej lexiky. Najproduktívnejšie postupy slovotvorby a odborných lexém v súčasnom francúzskom jazyku. Štruktúry termínov so slovenskými ekvivalentmi, ktoré sa často stali internacionalizmami. 
610 2 0 |a lexikológia 
610 2 0 |a francúzština 
610 2 0 |a slovotvorba 
610 2 0 |a jazykoveda 
100 1 |a Melušová, Elena, 1953-